000 00832nam a2200241Ia 4500
003 OSt
005 20241003114843.0
008 210716s2015 xx 000 0 und d
020 _a9780415437646
040 _cAIMIT LIBRARY
041 _aeng
082 _a382
_22
_bJOHD
100 _aJohnson, Debra.
_9181216
245 _aInternational business :
_bthemes and issues in the modern global economy /
_cBy Debra Johnson and Colin Turner.
250 _a2 nd ed.
260 _aLondon :
_bRoutledge ,
_c2015.
300 _axxvii,496p. ;
_bPB
_c25.2 cm
650 _aGlobalisation and the context of international business
_9181217
650 _aEnterprise issues in the global economy
_9181218
650 _aChallenges for the global resource base
_9181219
700 _aTurner, Colin.
_9181220
942 _2ddc
_cBK
_e2nd
_k382 JOHD
999 _c209053
_d209053